000 00720nam a2200289Ia 4500
005 20260324111837.0
008 008 260324s9999 xx 000 0 eng d
020 _a9781003543145
037 _aEBOOK
040 _aCRL
040 _beng
040 _cCRL
041 _2eng
041 _aeng
084 _qCRL
100 _aAnneli Ekblom; Michel Notelid
_91140253
245 0 _aLimpopo Life
245 4 _bThe Heritage, Archaeology and Historical Ecology of Limpopo National Park
260 _bTaylor and Francis
260 _c2025
365 _a
365 _b230
856 _uhttp://www.taylorfrancis.com/books/9781003543145
942 _cEBOOK
999 _c1729190
_d1729190